Parasztok
Elmentve itt :
| Szerző: | |
|---|---|
| Dokumentumtípus: | Cikk |
| Megjelent: |
1928
|
| Sorozat: | Széphalom
2 |
| Kulcsszavak: | Reymond Ladislaw, Irodalomtudomány |
| Online Access: | http://acta.bibl.u-szeged.hu/20247 |
| LEADER | 00546nab a2200169 i 4500 | ||
|---|---|---|---|
| 001 | acta20247 | ||
| 005 | 20210722152506.0 | ||
| 008 | 161015s1928 hu o 0|| hun d | ||
| 040 | |a SZTE Egyetemi Kiadványok Repozitórium |b hun | ||
| 041 | |a hun | ||
| 100 | 1 | |a Eckhardt Sándor | |
| 245 | 1 | 0 | |a Parasztok |h [elektronikus dokumentum] / |c Eckhardt Sándor |
| 260 | |c 1928 | ||
| 300 | |a 217-221 | ||
| 490 | 0 | |a Széphalom |v 2 | |
| 695 | |a Reymond Ladislaw, Irodalomtudomány | ||
| 856 | 4 | 0 | |u http://acta.bibl.u-szeged.hu/20247/1/szephalom_002_217-221.pdf |z Dokumentum-elérés |